Obras de Francisco de Vitoria. (Record no. 171198)

MARC details
000 -LEADER
campo de control de longitud fija 01215nam a2200289 i 4500
001 - NÚMERO DE CONTROL
campo de control 171198
003 - IDENTIFICADOR DE NÚMERO DE CONTROL
campo de control ES-MaACL
005 - FECHA Y HORA DE LA ÚLTIMA TRANSACCIÓN
campo de control 20250808062753.0
008 - DATOS DE LONGITUD FIJA--INFORMACIÓN GENERAL
campo de control de longitud fija 090505s1960 sp |||| | spa d
017 ## - NÚMERO DE COPYRIGHT O DE DEPÓSITO LEGAL
Número de copyright o de depósito legal M 12059-1960
Agencia que asigna Oficina Depósito Legal Madrid
040 ## - FUENTE DE CATALOGACIÓN
Centro/agencia transcriptor ES-MaACL
100 0# - ENTRADA PRINCIPAL--NOMBRE DE PERSONA
Nombre de persona Vitoria, Francisco de
9 (RLIN) 115517
Término indicativo de función/relación Autor
245 10 - MENCIÓN DEL TÍTULO
Título Obras de Francisco de Vitoria.
Nombre de parte o sección de la obra Relecciones teológicas /
Mención de responsabilidad, etc. edición crítica del texto latino, versión española, introducción general e introducciones con el estudio de su doctrina teológico-jurídica por Teófilo Urdanoz.
260 ## - PUBLICACIÓN, DISTRIBUCIÓN, ETC.
Lugar de publicación, distribución, etc. Madrid :
Nombre del editor, distribuidor, etc. La Editorial Católica,
Fecha de publicación, distribución, etc. 1960.
300 ## - DESCRIPCIÓN FÍSICA
Extensión VIII, 1386 p., [1] p. de lám. ;
Dimensiones 20 cm.
490 1# - MENCIÓN DE SERIE
Mención de serie Biblioteca de autores cristianos ;
Designación de volumen o secuencia 198
546 ## - NOTA DE IDIOMA
Nota de lengua/lenguaje Texto en latín y traducción en español.
594 ## - NOTA AL TITULO Y MENCION DE RESPONSABILIDAD
Nota al título y mención de responsabilidad Traducción de : Relectiones Theologicae.
650 #7 - PUNTO DE ACCESO ADICIONAL DE MATERIA--TÉRMINO DE MATERIA
Término de materia o nombre geográfico como elemento de entrada Filosofía
Fuente del encabezamiento o término embne
9 (RLIN) 12802
700 1# - ENTRADA AGREGADA--NOMBRE PERSONAL
Nombre de persona Urdanoz, Teófilo
9 (RLIN) 139750
Término indicativo de función/relación Editor literario
830 00 - PUNTO DE ACCESO ADICIONAL DE SERIE-TÍTULO UNIFORME
Título uniforme Biblioteca de autores cristianos
Designación de volumen o secuencia 198
9 (RLIN) 178679
852 ## - LOCALIZACIÓN
Ubicación ES-MaACL
Número de control de estantería J-194
Sublocalización o colección R.46092
Ubicación en estantería Depósito 2
itemnumber 177833
Encuadernación Encuadernación cartoné
942 ## - ELEMENTOS DE ENTRADA SECUNDARIOS (KOHA)
Tipo de ítem Koha Libro impreso
Suprimir en OPAC No
Holdings
Estatus retirado Estado de pérdida Estado de daño No para préstamo Biblioteca de origen Biblioteca actual Ubicación en estantería Fecha de adquisición Fuente de adquisición Total de préstamos Signatura topográfica completa Código de barras Visto por última vez Precio de reemplazo Tipo de ítem Koha
        Biblioteca del Ateneo de Madrid Biblioteca del Ateneo de Madrid Depósito 2 05/05/2009     J-194 1179665 23/02/2023 23/02/2023 Libro impreso